Matematika pre tretí ročník základných škôl. Pracovný zošit 1. časť

Bibliographic Details
Main Authors: Kittler, Josef, 1913-2002 (Author), Kuřina, František, 1932- (Author), Tichá, Marie, 1952- (Author)
Other Authors: Poláková, Edita (matematička) (Translator), Žitňanová, Tatiana, 1956- (Illustrator)
Format: Book
Language:Slovak
PhysicalDescription:80 s. ilustr., sch. 30 cm
Published: Bratislava Slovenské pedagogické nakladateľstvo 1997
ISBN:8008025565
Edition:3. vyd.
Subjects:

MARC

LEADER 00000nam a2200000 a 4500
001 vtls001286364
003 SK-MaSNL
005 20260301044548.0
008 240314s1997 xo a r slo
015 |a SNBA1997/0902507 
020 |a 8008025565 
035 |a SNK000237908 
035 |a urn:nbn:sk:snk-amtj3u 
035 |a urn:nbn:sk:snk-am00c6hw 
035 |a 18CF7B71-82C4-4DB1-9F94-5BA5DCABCF39 
040 |a SNK  |b slo  |c SNK  |e AACR2 
041 0 |a slo 
044 |a xo  |c SK 
080 |a 372.47(075.2)(076.5)  |2 1981 
100 1 |a Kittler, Josef,  |d 1913-2002  |4 aut  |9 262856 
240 1 0 |a Matematika pro 3. ročník základní školy  |l Slovensky 
245 1 0 |a Matematika pre tretí ročník základných škôl. Pracovný zošit  |n 1. časť  |c Josef Kittler, František Kuřina, Marie Tichá ; [z českého originálu preložila Edita Poláková] 
250 |a 3. vyd. 
260 |a Bratislava  |b Slovenské pedagogické nakladateľstvo  |c 1997 
300 |a 80 s.  |b ilustr., sch.  |c 30 cm 
500 |a Ilustr. na tit. strane 
500 |a Údaj o prekl. prevzatý z rubu tit. strany 
500 |a Ilustr. Táňa Žitňanová 
650 0 7 |a matematika  |x učebnice zákl. škôl (3. roč.)  |x zošity pracovné  |2 SNK  |9 282421 
655 7 |a učebnice  |2 SNK  |9 22521 
700 1 |a Kuřina, František,  |d 1932-  |4 aut  |9 262857 
700 1 |a Tichá, Marie,  |d 1952-  |4 aut  |9 8076 
700 1 |a Poláková, Edita  |c (matematička)  |4 trl  |9 262859 
700 1 |a Žitňanová, Tatiana,  |d 1956-  |4 ill  |9 86022 
919 |a 80-08-02556-5 
958 |a TL 
958 |a OP 
958 |a CZ 
958 |a UX 
958 |a NS 
968 |b ČES 
999 |c 596282  |d 598212 
952 |t P60, <09>, [BOOK], {629}  |a SNK  |b SNK  |y NEVYP  |7 0  |o snkB 599  |i snk2210/970520  |0 0  |1 0  |4 0  |d 1997-05-19  |l 0  |r 2005-01-02 00:00:00  |w 2026-02-23 
952 |t P60, <03>, [BOOK], {603}  |a SNK  |b SNK  |y PREZ  |7 0  |p 17A0066744  |o snkSB 56932/1  |i snkKSP 4945/97  |0 0  |1 0  |4 0  |d 1997-05-19  |f 1  |l 0  |r 2025-04-09 00:00:00  |w 2026-02-23 
952 |t P60, <04>, [BOOK], {604}  |a SNK  |b SNK  |y VYP  |7 0  |p 17A0066743  |o snkSB 56932/1 D1  |i snkKSP 4946/97  |0 0  |1 0  |4 0  |d 1997-05-19  |l 0  |r 2005-01-02 00:00:00  |w 2026-02-23